| 000 | 00621 a2200181 4500 | ||
|---|---|---|---|
| 999 |
_c8834 _d8834 |
||
| 020 | _a1874823170 | ||
| 050 | 0 | 0 | _aKD1715 FOU 1993 |
| 100 | 1 |
_aFourie, A. B. _eauthor |
|
| 245 | 1 | 4 |
_aThe banker and the law / _cby A.B. Fourie. |
| 264 |
_aSouth Africa : _bInstitute of Bankers _c1993 |
||
| 300 | _axvii, 228 p. ; | ||
| 500 | _aIncludes bibliographical references (p. 204-205) and index. | ||
| 504 | _aIncludes bibliographical references (p. 204-205) and index. | ||
| 650 | 0 | _aBanking law | |
| 651 | _aSouth Africa | ||
| 942 |
_2lcc _cBK _h1715 _iFOU _kKD |
||